000 00952nmm a2200289 a 4500
001 ocm0002146845
003 TR-IsHL
005 20201028183955.0
008 190428s2014 tu tur
007 cr cn
020 _a9786054530199
035 _a2146845
_b(N$T)
050 0 4 _aBP183.3
_b.S49 2014
090 0 4 _aBP183.3
_b.S49 2014
100 1 _aSeyyid Ali Hemedani
245 1 0 _aEfrâd-ı Fethiyye
_h[electronic resource] /
_cSeyyid Ali Hemedani ; hazırlayan Gülser Keçeci
260 _aİstanbul :
_bBuhara Yayınları,
_c2014
300 _a96 p.
500 _aArapça metinler içerir
650 4 _aFelsefe, Psikoloji ve Din
650 4 _aPhilosophy, Psychology and Religion
650 0 _aİslâm dini
_x Dualar
650 0 _aIslam
_x Prayers
650 7 _aRELIGION / Prayer
_2bisacsh
700 1 _aKeçeci, Gülser
856 4 0 _uhttp://search.ebscohost.com/login.aspx?direct=true&scope=site&db=e011xww&AN=2146845
999 _c20786
_d20786